[Event "SWE-chT 0001"]
[Site "Sweden"]
[Date "2001.01.20"]
[Round "6"]
[White "Andersson, Ulf"]
[Black "Wedberg, Tom"]
[Result "1-0"]
[WhiteElo "2691"]
[BlackElo "2592"]
[Annotator "*"]
[PlyCount "119"]
[EventDate "2000.10.13"]
[Source "ChessBase"]
[SourceDate "2005.11.24"]

1. Nf3 c5 2. c4 Nc6 3. d4 cxd4 4. Nxd4 e6 5. Nc3 Bb4 6. e3 ({
Aidacaei ~~aua anoda~~aaony idiaeieaaiea} 6. Ndb5) {
Oiae a iadoee auaeyaeeo aeinoaoi~~ii aaciaeaeiui. Iaeiaei...
} 6... Nf6 7. Be2
Ne4 $6 {Yoio iaidaoeaao^ueeny oiae, eae e neaaeoo^uee ca iei daciai
~~adiiiieueiuo neiiia, yaeyaony iiceoeeiiiie ioeaeie.} (7... O-O {
Neaaeiaaei idaaeii~~anoue aadeaio} 8. O-O d5 9. cxd5 exd5 {
n ideiadii daaiie eadie.}) 8. Bd2 Bxc3 9. Bxc3 Nxc3 10. bxc3 O-O 11. O-O b6 ({
Anee} 11... d5 {, oi} 12. cxd5 exd5 13. Qb3 Qd6 14. Rad1 $14) {Iinea oiaea a
iadoee aaeua ia~~eiao^o ieaiiiadioo^ eado ia eniieueciaaiea "ieioiai" neiia
idioeaieea.  } 12. Nxc6 $1 dxc6 13. Bf3 (13. Qa4 $5) 13... Qc7 (13... Qxd1 14.
Rfxd1 Ba6 15. c5 bxc5 16. Rd7 $14) 14. Qa4 Bb7 15. Rfd1 Rfd8 16. h3 a6 {
><adiua iiaeaioiaeee idiaeaeaaiea c6-c5, e Aiaeadnnii ideieiaaoidioeeaeoe~~anee
a iadu.  } 17. c5 $1 bxc5 18. Rab1 Rxd1+ 19. Qxd1 a5 20. Qb3 Ba6 21. Qb6 Qxb6
22. Rxb6 Bc4 23. a3 Rc8 24. Bxc6 $14 Rd8 25. Bb5 ({Aiciiaii, aua neeueiaa auei
} 25. Rb7 $1 Kf8 26. Ra7 $16) 25... Bb3 26. Be2 $5 (26. Ra6 Rd1+ 27. Kh2 g5 28.
Rxa5 Rc1 29. Ra7 Rxc3 30. a4 $14) 26... a4 27. Kf1 Kf8 28. Ke1 Rc8 29. Kd2 Rd8+
30. Ke1 Rc8 31. Bd1 $1 c4 32. Be2 e5 33. e4 g6 34. Kd2 Kg7 35. Ke3 Rc7 36. g3
$1 g5 37. Bg4 h6 38. f4 gxf4+ 39. gxf4 exf4+ 40. Kxf4 $16 f6 41. Be6 $1 h5 42.
Bd5 Re7 43. Rb7 $1 {Neiiiaue yiaeoieeue aueadai aeey aaeuo.
} 43... Rxb7 44.
Bxb7 $18 h4 45. Kg4 Kf7 46. Bc8 Ke7 47. Kxh4 Kd6 48. Kg4 Ke5 49. Kf3 Bd1+ 50.
Ke3 Bh5 51. Bf5 Be8 52. h4 Bh5 53. Bh3 Bg6 54. Bg2 Be8 55. Bf3 Bg6 56. h5 Bh7
57. Bg2 Bg8 58. Bf1 Bh7 59. Bxc4 Bxe4 60. Bd3 1-0

[Event "EU Union-ch 4th"]
[Site "Liverpool"]
[Date "2008.09.16"]
[Round "8"]
[White "Andersson, Ulf"]
[Black "Arakhamia Grant, Ketevan"]
[Result "1-0"]
[WhiteElo "2562"]
[BlackElo "2448"]
[Annotator "*"]
[PlyCount "115"]
[EventDate "2008.09.09"]
[Source "ChessBase"]
[SourceDate "2008.11.05"]

1. Nf3 Nf6 2. b3 g6 3. Bb2 Bg7 4. g3 d6 5. d4 O-O 6. Bg2 Nbd7 7. O-O e5 8. dxe5
Ng4 9. Nbd2 Ngxe5 10. Nxe5 Nxe5 11. Qc1 Re8 ({Aiaeadnnii, eae iau~~ii, aac
idaoaicee dacuadae aeaao^o, e nae~~an idiua anaai odaaieaae eado aadeaio} 11...
d5 12. Nf3 Nxf3+ 13. Bxf3 Bxb2 14. Qxb2 c6 $11) {
><adiua nodaiyony e aieaa neiaiie eada.
} 12. h3 Rb8 13. e3 b5 14. f4 Nd7 15.
Bxg7 Kxg7 16. Qb2+ Qf6 17. Qxf6+ Nxf6 18. Rfe1 Bb7 19. c4 Bxg2 20. Kxg2 Ne4 $6
{Aicieeao^uee eaaeaeiue yiaeoieeue ia oae idino, eae eaaaony ia iadaue acaeyae.
} ({Neaaeiaaei eadaoue} 20... bxc4 21. Nxc4 Ne4 22. Rac1 f5 $11 {
n daaiie eadie.}) 21. Nxe4 Rxe4 22. Kf3 $14 f5 23. cxb5 Rxb5 24. g4 Rc5 $2 ({
Ii-idaaiaio ia ~~oanoaoy iianiinoe. Eo~~oa auei} 24... Kf6 25. Rac1 c5 26. gxf5
gxf5 27. Rcd1 Rb6 28. Rg1 $14) 25. Rac1 $1 Rxc1 26. Rxc1 $16 c5 (26... Re7 27.
gxf5 gxf5 28. Rc6 $16) 27. Rc4 $1 Re7 ({
A iaoa~~iii ieii~~aiee ~~adiui ia onoiyoue:} 27... Rxc4 $2 28. bxc4 fxg4+ (
28... Kf6 29. g5+ Ke7 30. e4 Ke6 31. h4 a6 32. exf5+ Kxf5 33. a3 a5 34. a4 Ke6
35. Ke4 $18) 29. Kxg4 $1 Kf6 30. e4 h6 31. h4 h5+ 32. Kf3 Ke6 33. Ke2 $18 {
Aaeue eidieue eaeao ia oadcaaue oeaia, a aai ~~adiue aecaae ia iiaao aeaeaoue
oi aa naiia aaeaeo ididuaa f4-f5.}) 28. b4 $1 cxb4 (28... Rc7 29. bxc5 dxc5 30.
e4 $16) 29. Rxb4 Rc7 30. Rd4 Rc6 31. Ra4 a6 32. g5 h6 33. h4 hxg5 34. hxg5 Kf7
35. Ke2 Ke6 36. Kd3 d5 ({Eee} 36... Rb6 37. Kd4 Rc6 38. Rc4 Rb6 39. Rc7 $16)
37. Rb4 $1 Kd6 38. Rb7 Kc5 39. Rb3 $1 Re6 ({><adiua a oeoaoeaaiaa.} 39... Kd6
40. Rb1 $1 Kc7 (40... Kc5 41. Rc1+) 41. Rh1 Re6 (41... Kd6 42. Rh7) 42. Rc1+
Kd6 43. Rc3 Kd7 44. Rc5 Kd6 45. Ra5 $18) 40. Rc3+ Kd6 (40... Kb4 41. a3+ Ka4
42. Kd4 $18) 41. Ra3 Kc5 42. Rc3+ Kd6 43. Ra3 Kc5 44. Ra5+ Kb4 45. Rxd5 Ka3 46.
Ra5+ Kb4 47. Rd5 Ka3 48. Rd7 Kxa2 49. Rf7 $1 Rd6+ 50. Ke2 Rd8 51. Rf6 Rg8 (
51... a5 52. Rxf5 a4 53. Rb5 a3 54. e4 $1 $18) 52. Rxa6+ Kb3 53. Rc6 Kb4 54. e4
$1 Re8 55. Rxg6 Rxe4+ 56. Kf3 Rc4 57. Rf6 Rc3+ 58. Kf2 1-0

[Event "Lausanne op"]
[Site "Lausanne"]
[Date "2006.09.16"]
[Round "3"]
[White "Andersson, Ulf"]
[Black "Sofrigin, Alexej"]
[Result "1-0"]
[WhiteElo "2542"]
[BlackElo "2272"]
[Annotator "*"]
[PlyCount "85"]
[EventDate "2006.09.15"]
[Source "ChessBase"]
[SourceDate "2006.11.03"]

1. Nf3 d5 2. d4 Nf6 3. c4 e6 4. g3 Be7 5. Bg2 O-O 6. O-O c5 7. cxd5 exd5 8.
dxc5 Bxc5 9. Bg5 Be7 ({Ii-aeaeeiiio, eo~~oa oaidaoe~~aneia} 9... Nc6 10. Nc3 d4
) 10. Nc3 Nc6 11. e3 ({Aeinoaoi~~ii aaciaeaeiia idiaeieaaiea. ><aoaadoue aaea
iacaae Aiaeadnnii odaeoiaae yoo iiceoeeo^ ii-aedoaiio:} 11. Qa4 Be6 12. Rad1
Qb6 13. Bxf6 Bxf6 14. Nxd5 Bxd5 15. Rxd5 Qxb2 (15... a6 $6 16. b3 Rad8 17. Rfd1
Qb4 18. Rxd8 Rxd8 19. Rxd8+ Bxd8 20. Qxb4 Nxb4 21. a4 {
, e aaeua daaeeciaaee eeoio^o^ iaoeo:} 21... Nc2 22. e3 Bf6 23. Nd2 b5 24. axb5
axb5 25. Bc6 b4 26. Kf1 Bc3 27. Ke2 f5 28. Bb5 g6 29. Bd3 Na3 30. h3 Kg7 31. g4
fxg4 32. hxg4 h5 33. g5 {Aiaeadnnii O. - Oadiaiaean Aadnea A., Ean Iaeueian,
1980 /Andersson,Ulf - Fernandez Garcia, Jose Luis, Las Palmas 1980/)}) 16. Rb5
Qxe2 17. Rxb7 $14 Qe8 $2 ({
><adiua iaidaaeeueii ioeaieee aicieeao^uee yiaeoieeue. Eo~~oa auei} 17... Rac8
$14) 18. Re1 Ne5 19. Qxe8 Nxf3+ 20. Bxf3 Rfxe8 21. Rxe8+ Rxe8 22. Bd5 $16 Rd8
23. Bxf7+ Kf8 24. Bb3 Bd4 25. Kg2 Rd6 26. f4 a5 27. Kf3 Rb6 28. Rf7+ Ke8 29.
Rf5 Ra6 30. Rd5 Bf6 31. Ba4+ $1 {Iaoeo "a" iieacii caaeieediaaoue, ~~oiau
~~adiay eaaeuey ia iiaea oaoiaaoue aaeiai eidiey ii iyoie aideciioaee.  } 31...
Kf8 32. h4 h6 33. Rc5 Ra7 34. Kg4 Bd4 35. Rd5 Bc3 36. Rc5 Bd4 37. Rc4 Bf6 38.
Rc8+ Ke7 39. Kf5 Kf7 40. h5 Bd4 41. Rc4 Bb2 42. g4 $18 Ra6 43. Rc7+ Kf8 44. Bc6
$1 Rb6 45. g5 hxg5 46. fxg5 Rb8 47. Kg6 Rd8 48. Rf7+ Kg8 49. Bd7 $1 Rb8 50. Be6
{1-0 AiaeadnniiO.-Oioeeead A., Aaee-ai-Caa, 1981 /Andersson.Ulf - Unzicker,
Wolfgang, Wijk aan Zee, 1981/}) 11... Be6 12. Nd4 Nxd4 13. exd4 h6 14. Bxf6
Bxf6 15. Qb3 Bxd4 16. Nxd5 Bxd5 $6 ({Neeueiaa auei} 16... Bc5 17. Rad1 Qa5 $11)
17. Bxd5 Rb8 ({A nae~~an neaaeiaaei idaaeii~~anoue idiaeieaaiea} 17... Bxb2 18.
Rad1 Qb6 19. Bxb7 Qxb3 20. axb3 Rab8 21. Rd7 Rfd8 22. Rfd1 Bf6 $1 $11 (22...
Rxd7 $2 23. Rxd7 $14)) 18. Rad1 Qb6 19. Rd2 Qxb3 20. Bxb3 Rbd8 21. Rfd1 Bf6 22.
Rd7 Rxd7 23. Rxd7 Bxb2 24. Rxb7 $14 {Ianiiody ia eaaouoo^ny idinoioo iiceoeee,
caueuaoueny ~~adiui nianai iaidinoi. Aidi~~ai, aei iidaaeaeaiiiai iiiaioa iie
aeaenoaoo^o oi~~ii.  } 24... Bd4 25. Kg2 h5 26. f4 g6 27. h3 Kg7 28. g4 hxg4
29. hxg4 g5 30. Kf3 Kf6 31. Rb5 gxf4 32. Kxf4 Bb6 33. Rd5 Bc7+ 34. Kf3 Kg6 35.
Rd7 Bb8 ({Idiua} 35... Bb6 36. Kf4 Bc5 37. Bc2+ (37. g5 f5 $1 $11) 37... Kg7
38. g5 Re8 $1 39. Bb3 Re7 $11) 36. Rb7 Kf6 $6 ({
Aaaeao e iioada iaoee. Eo~~oa auei} 36... Kg5 $14) 37. Bxf7 $1 $16 Bd6 38. Bh5
Kg5+ 39. Ke4 Bb8 40. Rg7+ Kh4 41. Bf7 Rc8 42. g5 Rc5 $2 {
Caaie, aaaeouee e iaiaaeeaiiie dacaycea.
} 43. Rh7+ 1-0